000 00904nam a2200229Ia 4500
003 OSt
005 20251212145552.0
008 220922b |||||||| |||| 00| 0 hin d
037 _cTB
040 _aARTS
_cARTS
_bhin
041 _2hin
_ahin
084 _aP15,Cx1,1,6 152L1;M3(TB)
_qAL
100 _aशास्त्री, भीमसेन
_9856346
245 0 _aलघु सिद्धान्त कौमुदी:
_b भैमीव्याखया
246 _aLaghu siddhānta kaumudī: bhaimīvyākhayā
260 _aदिल्ली:
_b भैमी प्रकाशन,
_c1983.
300 _a602पृ.
_ccm.
650 _a संस्कृत साहित्य
_9856347
650 _aहिन्दी भाषा
_9856348
942 _hP15,Cx1,1,6 152L1;M3
_cTB
_2CC
_n0
999 _c303266
_d303266